000 00567nam a22001937a 4500
005 20251108172646.0
008 250721s1995 xx 000 0 ara d
082 1 4 _a419/ذوق
100 1 _aذوق، محمد رشيد ناصر
_eمؤلف
245 1 0 _aلغة آدم :
_bعطاء أبدي لبني آدم /
264 1 _aطرابلس :
_bجروس برس،
_c1995.
300 _a163ص
650 1 7 _aاللغات السامية
650 1 7 _aاللغة العربية
650 1 7 _aالآثار
650 1 7 _aالنقوش
942 _2ddc
_cBK
999 _c85197
_d85197